| 000 | 00928cab a2200325 4500 | ||
|---|---|---|---|
| 001 | ABS54508 | ||
| 008 | 090401t1996 xxu||||| |||| 00| 0 eng d | ||
| 035 | _a(Sirsi) u10884 | ||
| 041 | _aeng | ||
| 245 | _aEstates Times survey: London West End | ||
| 260 | _c1996 | ||
| 350 | _a0 | ||
| 490 |
_aEstates Times _v(1312) 16 February 1996, 9-18(10) |
||
| 650 | _aHEADQUARTERS BUILDINGS | ||
| 650 | _aKNIGHTSBRIDGE | ||
| 650 | _aMARYLEBONE | ||
| 650 | _aMAYFAIR | ||
| 650 | _aMEDIA | ||
| 650 | _aPROPERTY-COMMERCIAL PROPERTY-OFFICE PROPERTY-OFFICE PROPERTY MARKET | ||
| 650 | _aOFFICE RENTS | ||
| 650 | _aPROPERTY-COMMERCIAL PROPERTY-RETAIL PROPERTY-RETAIL PROPERTY MARKET | ||
| 650 | _aRETAIL RENTS | ||
| 650 | _aSOHO | ||
| 650 | _aST JAMESS | ||
| 650 | _aVICTORIA | ||
| 650 | _aWEST END OF LONDON | ||
| 690 | _aPROPERTY-COMMERCIAL PROPERTY-COMMERCIAL PROPERTY MARKET | ||
| 942 | _n0 | ||
| 948 | _c04/03/1997 | ||
| 999 |
_c6930 _d6930 |
||